| 000 | 00570nam a2200181Ia 4500 | ||
|---|---|---|---|
| 008 | 170510s9999 xx 000 0 und d | ||
| 100 | _aShuo Wang | ||
| 245 | _a The Effects of Service Charges Versus Service-Included Pricing on Deal Perception | ||
| 245 | _cShuo Wang, Michael Lynn | ||
| 260 | _bSAGE | ||
| 260 | _c2017 | ||
| 300 | _apages 246-254,February | ||
| 440 |
_aJournal of Hospitality & Tourism Research _v41:2 |
||
| 650 | _aAutomatic service gratuity | ||
| 650 | _aPrice evaluability | ||
| 650 | _aService charge | ||
| 650 | _aService-included pricing | ||
| 999 |
_c329862 _d329862 |
||